Новая волость, сельсовет и школа (Запись № 5565809)

Подробности
000 -МАРКЕР
контрольное поле 01418nam0a22002771 4500
001 - ИДЕНТИФИКАТОР ЗАПИСИ
контрольное поле rc\2568380
005 - ИДЕНТИФИКАТОР ВЕРСИИ
контрольное поле 20250623111425.0
035 ## - ДРУГИЕ СИСТЕМНЫЕ НОМЕРА
Идентификатор записи (NLR Aleph) 006733174
100 ## - ДАННЫЕ ОБЩЕЙ ОБРАБОТКИ
Данные общей обработки 20110914d1927 |||y0rusy50 ca
101 0# - ЯЗЫК РЕСУРСА
Язык текста, звукозаписи и т.д. русский
102 ## - СТРАНА ПУБЛИКАЦИИ ИЛИ ПРОИЗВОДСТВА
Страна публикации Российская Федерация
105 ## - ПОЛЕ КОДИРОВАННЫХ ДАННЫХ: ТЕКСТОВЫЕ МАТЕРИАЛЫ, МОНОГРАФИЧЕСКИЕ
Кодированные данные о монографическом текстовом документе y z |||||
200 1# - ЗАГЛАВИЕ И СВЕДЕНИЯ ОБ ОТВЕТСТВЕННОСТИ
Основное заглавие Новая волость, сельсовет и школа
Сведения, относящиеся к заглавию (Из работ I Опыт. станции по народному образованию при Наркомпросе)
-- Сборник статей под ред. И. М. Диомидова
Первые сведения об ответственности С предисл. С. Т. Шацкого
210 ## - ПУБЛИКАЦИЯ, РАСПРОСТРАНЕНИЕ И ДР.
Место издания, распространения и т.д. [Москва]
Имя издателя, распространителя и т. д. Новая Москва
Дата издания, распространения и т.д. 1927 [1926]
Имя изготовителя тип. МОНО при 1-м Инст-те глухонемых
215 ## - ФИЗИЧЕСКАЯ ХАРАКТЕРИСТИКА
Специфическое обозначение материала и объем 96 с., из них 4 объявл.
Размеры 19х14 см.
225 1# - СЕРИЯ
Основное заглавие серии Библиотека Школьного Работника
300 ## - ОБЩИЕ ПРИМЕЧАНИЯ
Текст примечания Авторы статей: Л. Скаткин, М. Скаткин, М. Семин, А. Меленчук
300 ## - ОБЩИЕ ПРИМЕЧАНИЯ
Текст примечания Обложка: Владимир Добровольский
320 ## - ПРИМЕЧАНИЯ О НАЛИЧИИ В ДОКУМЕНТЕ БИБЛИОГРАФИИ / УКАЗАТЕЛЯ
Текст примечания Библиография: "Литература" (на 2 страницах)
702 #1 - ИМЯ ЛИЦА - ВТОРИЧНАЯ ОТВЕТСТВЕННОСТЬ
Код отношения Прочие
Графика поля Кириллица
Материалы, к которым относится поле rus
Начальный элемент ввода Шацкий
Часть имени, кроме начального элемента ввода С. Т.
Даты 1878-1934
Расширение инициалов личного имени Станислав Теофилович
Системный номер авторитетной/нормативной записи 198213
Идентификатор авторитетной/нормативной записи RU\NLR\AUTH\770198264
801 #0 - ИСТОЧНИК ЗАПИСИ
Страна Российская Федерация
Организация NLR
Правила каталогизации psbo
801 #1 - ИСТОЧНИК ЗАПИСИ
Страна Российская Федерация
Организация ELAR
Источник данных rusmarc
852 ## - МЕСТОНАХОЖДЕНИЕ И ШИФР ХРАНЕНИЯ
Идентификатор организации NLR
Шифр хранения (Call Number) 25/453
942 ## - ДОПОЛНИТЕЛЬНЫЕ ЭЛЕМЕНТЫ ЗАПИСИ (АБИС)
Тип экземпляра АБИС Книга
980 ## - КОЛЛЕКЦИЯ
Название коллекции Национальная библиография
Экземпляры
Тип экземпляра Дата поступления Библиотека постоянного хранения Библиотека текущего хранения Место хранения Шифр хранения Штрих-код Статус экземпляра
Книга 26.10.2013 РНБ (Садовая) РНБ (Садовая) Русский книжный фонд -Главное здание, Ленинский читальный зал 25/453 6733174-10